Numbers colours & shapes : (Record no. 9408)
[ view plain ]
| 000 -LEADER | |
|---|---|
| fixed length control field | 01038nam a22002657a 4500 |
| 001 - CONTROL NUMBER | |
| control field | 9408 |
| 003 - CONTROL NUMBER IDENTIFIER | |
| control field | FISKH |
| 005 - DATE AND TIME OF LATEST TRANSACTION | |
| control field | 20260106081821.0 |
| 008 - FIXED-LENGTH DATA ELEMENTS--GENERAL INFORMATION | |
| fixed length control field | 260106b cb ||||| |||| 00| 0 eng d |
| 020 ## - INTERNATIONAL STANDARD BOOK NUMBER | |
| International Standard Book Number | 9789674473723 |
| 040 ## - CATALOGING SOURCE | |
| Original cataloging agency | FISKH |
| Language of cataloging | eng |
| Transcribing agency | FISKH |
| Modifying agency | FISKH |
| 050 ## - LIBRARY OF CONGRESS CALL NUMBER | |
| Classification number | PZ7 |
| 082 ## - DEWEY DECIMAL CLASSIFICATION NUMBER | |
| Classification number | 372.2 |
| 100 ## - MAIN ENTRY--PERSONAL NAME | |
| Personal name | Anonymous |
| Relator term | Author |
| 245 ## - TITLE STATEMENT | |
| Title | Numbers colours & shapes : |
| Remainder of title | The boy is showing his ten (10) fingers a bicycle has two (2) wheels / |
| 260 ## - PUBLICATION, DISTRIBUTION, ETC. | |
| Place of publication, distribution, etc. | Kuala Lumpur : |
| Name of publisher, distributor, etc. | Mind to mind , |
| 300 ## - PHYSICAL DESCRIPTION | |
| Extent | 12 unnumbered pages : |
| Other physical details | color illustrations ; |
| Dimensions | 18 cm |
| 505 ## - FORMATTED CONTENTS NOTE | |
| Formatted contents note | NP<br/> |
| 520 ## - SUMMARY, ETC. | |
| Summary, etc. | A comprehensive guide-pack for academic success. Specially designed to provide the little learners the early needs in all aspects of everyday language usage and the keys to total school success. A handy-pack of knowledge that includes the learning of Alphabet Numbers, animals. |
| 521 8# - TARGET AUDIENCE NOTE | |
| Target audience note | NP<br/> |
| Source | Lexile estimate<br/> |
| 650 ## - SUBJECT ADDED ENTRY--TOPICAL TERM | |
| Topical term or geographic name entry element | Little learners |
| Form subdivision | Everyday language |
| 650 ## - SUBJECT ADDED ENTRY--TOPICAL TERM | |
| Topical term or geographic name entry element | Alphabets |
| Form subdivision | Numbers |
| 942 ## - ADDED ENTRY ELEMENTS (KOHA) | |
| Source of classification or shelving scheme | Dewey Decimal Classification |
| Koha item type | Books |
| Suppress in OPAC | No |
| Withdrawn status | Lost status | Source of classification or shelving scheme | Damaged status | Not for loan | Collection | Home library | Current library | Shelving location | Date acquired | Total Checkouts | Full call number | Barcode | Date last seen | Copy number | Price effective from | Koha item type |
|---|---|---|---|---|---|---|---|---|---|---|---|---|---|---|---|---|
| Dewey Decimal Classification | Non-Fiction | Footprints International School Library Network Toul Tom Poung Campus | Footprints International School Library Network Toul Tom Poung Campus | TTP Primary Green Bookshelves | 01/06/2026 | ANO 372.2 PZ7 | FISTKP2A100 | 01/06/2026 | 1 | 01/06/2026 | Books |
